《我会自己上厕所》歌词填空 Fill in "I Can Go To The Toilet By Myself" Lyrics - Statistics

General Stats
  • This quiz has been taken 48 times
  • The average score is 6 of 8
Answer Stats
歌词 填空 % Correct
今天开始我要_ _ _ _ _ 自己上厕所
100%
_ _ _ _你们不要小看我 爸爸妈妈
100%
宝宝巴士教我_ _ _ _ _ 上厕所秘诀
93%
我等不及了_ _ _ _ _ 我要上厕所
86%
上厕所时 不能_ _ _ 吃东西
80%
上厕所时 不能_ _ _ 玩玩具
70%
上厕所时 _ _ _ _ 节约用纸
55%
上完厕所 _ _ _ 冲水哦
55%
No matching quizzes found
Score Distribution
Percent of People with Each Score
Percentile by Number Answered
Your Score History
You have not taken this quiz